00552cam a2200157 i 450008200270000010000190002724501270004626000500017330000250022350000200024850000300026852600370029865000370033565000080037271000140038000a347.052bCHOcL-32 P-61 aChoudhry's A.M14aThe Limitation Act (Act IX of 1908) cRevised By: Raja Said Akbar KhanbAs Modified and Amended Up to Date with Commentary aLahore :bAll Pakistan Legal Decisions c1962 aiv, 132 p. ;c24 cm. aIncludes index. aIncludes text of the Act. a0b0c0d347_052000000000000_CHO 0aLimitation of actionszPakistan. 0aMCE12aPakistan.